000 00720nam a2200229Ia 4500
003 GCL
005 20240530105330.0
008 140319s1989 xx 000 0 ara d
040 _aGCL /
_cGCL
082 0 4 _a346.04 /
_bم س
100 1 _aمعوض عبدالتواب
245 1 0 _aالسجل العينى علما وعملا /
_cمعوض عبدالتواب
260 _a[ القاهرة ] :
_bدار الفكر العربى ،
_c1989
300 _a231 ص
_b24 سم
650 0 4 _aالقانون
650 0 4 _aالقانون المدنى
650 0 4 _aالتوثيق العقارى
650 0 4 _aالشهر العقارى
650 0 4 _aالسجل الصينى
650 0 4 _aالتوثيق
942 _2ddc
_cBK
999 _c55001
_d55001